Statistics for Arsenal Record Transfers

Click here to take the quiz!

General Stats

  • This quiz has been taken 1,041 times
    (1,014 since last reset)
  • The average score is 8 of 10

Answer Stats

Year Country Position From Transfer Fee Player % Correct
2013-2014GermanyMDReal Madrid50M€Mesut Özil
99%
2014-2015ChileFWFC Barcelona37,8M€Alexis Sanchez
99%
1999-2000FranceFWJuventus16,1M€Thierry Henry
87%
2014-2015EnglandFWManchester United20M€Dany Welbeck
86%
2012-2013SpainMDMalaga19M€Santi Cazorla
86%
2008-2009RussiaMDZenith St Petersburg16,5M€Andrey Arshavin
86%
2014-2015EnglandDFSouthampton20,23M€Calum Chambers
79%
2003-2004SpainFWFC Sevilla20M€José Antonio Reyes
69%
2000-2001FranceFWBordeaux17,5M€Sylvain Wiltord
47%
2008-2009FranceMDMarseille16M€Samir Nasri
47%

Score Distribution

Percentile by Number Answered

Percent of People with Each Score

Your Score History

You have not taken this quiz since the last reset